000 00802nam a2200289 a 4500
001 000110562
003 CHAP
005 20220329144138.0
008 140910s1987 mx a |r| |||1|||spa|d
010 _a107024
011 _a107996
020 _a9681821696
040 _cCHAP
082 0 4 _a577.0913
_bV63
100 0 0 _aVickery, Margaret L.
_9119077
245 1 0 _aEcología de plantas tropicales /
_cpor Margaret L. Vickery.
260 3 _aMéxico, D.F. :
_bLimusa,
_c1987.
300 _a232 p. :
_bil.
534 _pTít. original :
_tEcology of tropical plants
590 _aE11695DGD
_b10
_c20140911
_lUCH01
_h0935
590 _aE792CSJ
_b05
_c20140910
_lUCH01
_h1401
650 1 4 _aEcología.
_935134
650 1 4 _aPlantas tropicales.
_989088
901 _aBK
942 _cLIBRO
942 _n0
999 _c107024
_d107024